000 00448 a2200169 4500
999 _c4642
_d4642
020 _a000000
050 0 0 _aPL8547 NDO 1982
100 1 _aNdondo, Michael B.
245 1 0 _aInyala emsilabhuntu /
_cby Michael B. Ndondo.
264 _aGweru
_bMambo Press
_c1982
300 _a99 p. ;
440 _aMambo writers series, vol 1.
500 _aNdebele folklore
650 _aNdebele fiction
942 _2lcc
_cBK
_h8547
_iNDO
_kPL